000 06054namaa22004211i 4500
003 OSt
005 20260623115240.0
008 250827s2025 ua a|||frm||| 000 0 eng d
040 _aEG-GICUC
_bara
_cEG-GICUC
_dEG-GICUC
_erda
041 0 _aara
_bara
_beng
049 _aإيداع
082 0 4 _a751.62
092 _a751.62
_221
097 _aدكتوراه‎
099 _aCai01.14.03.Ph.D.2025.إس.د
100 0 _a،إسراء محمود عبد المنعم محمد
_eإعداد.
245 1 0 _aدراسة تجريبية لتقييم استخدام الفطريات المحبة للأملاح فى علاج النقوش الجدارية :
_bتطبيقا على أحد النماذج المختارة /
_cإعداد إسراء محمود عبد المنعم محمد؛ إشراف أ.د.منـى فـؤاد علـى، أ.د /مايسة محمد على منصور.
246 1 5 _aExperimental study to assess the use of the halophilic fungi for treating the wall painting :
_bApplied on the selected object /
264 0 _c2025.
300 _a133 صفحة :
_bإيضاحيات ؛
_c30 سم. +
_eCD.
336 _atext
_2rda content
337 _aUnmediated
_2rdamedia
338 _avolume
_2rdacarrier
502 _aأطروحة (دكتوراه)-جامعة القاهرة، 2025.
504 _aببليوجرافيا: صفحات 120-128.
520 _aومن واقع الدراسة النظرية ،والتجريبية والجانب التطبيقي فقد اشتملت الرسالة على اربعة فصول تم تخصيص الفصل الاول للدراسة النظرية ودراسة الأملاح وتأثيرها على النقوش الجدارية وأهم مظاهر التلف الناتجة عن الإصابة بالأملاح ،وطرق العلاج الشائعة التى استخدمت فى علاج الأملاح ،اما الفصل الثانى تناول حصر كامل لأهم مظاهر التلف الموجودة على القطعة الأثرية،وتناول الفصل الثالث الجانب التجريبي، اما الفصل الرابع تناول الجانب التطبيقي. تتطلب هذه الدراسة استكشاف تأثيرات أنواع متعددة من الفطريات المحبة للأملاح على العينات الحجرية المتأثرة بالأملاح،من خلال العمل على نماذج تجريبية للعينات الحجرية المصابة بالأملاح لدراسة تفاعل الفطريات مع هذه الأملاح ومدى قدرتها على تقليل تراكيزها. سيتم أيضًا تقييم سلوك الفطريات في التعامل مع تراكيز الملح المختلفة، بهدف تحديد الفطريات الأنسب لتطبيقها في المعالجة.وفي إطار هذه التجارب، سيتم استخدام مجموعة من التقنيات التحليلية المتقدمة لقياس فعالية الفطريات في تنظيف الأسطح الحجرية. سيتم استخدام جهاز TDS لقياس مستويات الأملاح في المحاليل، بالإضافة إلى حيود الأشعة السينية (X-Ray Diffraction) لفحص التغيرات في تركيب الأملاح البلورية، والفحص باستخدام الميكروسكوب الإلكتروني (SEM) لتحليل التغيرات على مستوى الميكرو بنية للحجر. كما سيتم استخدام التحليل بواسطة جهاز EDX لدراسة التركيب الكيميائي للعينات وتحديد مدى تأثير الفطريات المحبة للأملاح على إزالتها لهذه الأملاح من الأسطح الحجرية.من خلال هذه الدراسة، سيتم تقييم تأثير الفطريات المحبة للأملاح في بيئة معملية معقمة، وذلك لضمان أن النتائج المستخلصة دقيقة وتعكس السلوك الطبيعي لهذه الفطريات في تفاعلها مع الأملاح، دون التأثير على بنية أو تركيب الأثر في الواقع. هدف هذه الدراسة هو إيجاد طريقة فعالة وآمنة تساهم في الحفاظ على الآثار الحجرية دون التأثير على خواصها الطبيعية، مما يفتح الطريق نحو تطبيق هذه الأساليب المبتكرة في عمليات الترميم المستقبلية.
520 _athe research is titled / Experimental Study to Assess the Use of halphiloc fungi in Treating Wall Paintings, Applied to One of the Selected Models.Based on the theoretical study, experimental study, and practical aspect, the message included four chapters. The first chapter is dedicated to the theoretical study and the study of salts, their effects on wall paintings, and the main signs of damage resulting from salt infestation, as well as the common treatment methods used for salt damage. The second chapter provided a comprehensive inventory of the main signs of damage present on the archaeological piece. The third chapter addressed the experimental aspect, while the fourth chapter dealt with the practical aspect.
530 _aصدر أيضًا كقرص مدمج.
546 _aالنص بالعربية والملخص باللغة الإنجليزية والعربية.
650 7 _aالبقاءو الحفظ والتجديد
_2qrmak
653 0 _aسقارة
_aالأملاح
_aالنقوش الجدارية
700 0 _aمنـى فـؤاد علـى
_eمشرف أطروحة.
700 0 _aمايسة محمد على منصور
_eمشرف أطروحة.
900 _b19-02-2025
_cمنـى فـؤاد علـى
_cمايسة محمد على منصور
_dابوبكر محمد أبوبكر موسي
_dمحمود السيد فراج
_Uجامعة القاهرة
_Fكلية الآثار
_Dقسم ترميم الآثار
905 _aSara
942 _2ddc
_cTH
_e21
_n0
999 _c180603